000 00809cam a2200325 4500
008 090401t1995 xxu||||| |||| 00| 0 eng d
020 _a0419203907
035 _a(Sirsi) u62155
041 _aeng
050 _a711.7
245 _aTransport and urban development.
260 _aLondon
_bE & FN Spon
_c1995
300 _aix,294p. ; 24p.
350 _a42
650 _aAIRPORTS
650 _aCHANNEL TUNNEL
650 _aInfrastructure
_96246
650 _aPRIVATE SECTOR
650 _aRAILWAYS
650 _aTOLL ROADS
650 _aTRAMS
650 _aTRANSPORT PLANNING
650 _aUNITED STATES
650 _aURBAN DEVELOPMENT
650 _aURBAN TRANSPORT
690 _aTRANSPORT AND COMMUNICATIONS
700 _aBanister, David
_xEditor
942 _n0
948 _c04/03/1997
999 _c94376
_d94376